000 00763nam a2200289Ia 4500
005 20260324115412.0
008 008 260324s9999 xx 000 0 eng d
020 _a9781315165578
037 _aEBOOK
040 _aCRL
040 _beng
040 _cCRL
041 _2eng
041 _aeng
084 _qCRL
100 _aMark J. Anderson; Patrick J. Whitcomb; Martin A. Bezener
_91154523
245 0 _aFormulation Simplified
245 0 _bFinding the Sweet Spot through Design and Analysis of Experiments with Mixtures
260 _bTaylor and Francis
260 _c2018
365 _a
365 _b255
856 _uhttp://www.taylorfrancis.com/books/9781315165578
942 _cEBOOK
999 _c1745387
_d1745387